[Event "DOM-ch"]
[Site "Santo Domingo"]
[Date "2021.05.09"]
[Round "4"]
[White "Martinez Castillo, Julio Antonio"]
[Black "Crispin Ferreras, Darvi Abraham"]
[Result "1/2-1/2"]
[WhiteElo "2152"]
[BlackElo "2142"]
[PlyCount "22"]
[EventDate "2021.05.07"]
[EventType "swiss"]
[EventRounds "11"]
[EventCountry "DOM"]
[SourceTitle "CBM 203 Extra"]
[Source "ChessBase"]
[SourceDate "2021.09.30"]
[SourceVersion "1"]
[SourceVersionDate "2021.09.30"]
[SourceQuality "1"]

1. e4 e5 2. Nf3 Nf6 3. Nxe5 d6 4. Nf3 Nxe4 5. d4 d5 6. Bd3 Be7 7. 0-0 0-0 8. c4 Nc6 9. Re1 Bg4 10. Nc3 Nf6 11. Nxd5 Nxd5 1/2-1/2

[Event "DOM-ch"]
[Site "Santo Domingo"]
[Date "2018.05.04"]
[Round "9"]
[White "Martinez Castillo, Julio Antonio"]
[Black "Polanco Alcantara, Mario Alexander"]
[Result "0-1"]
[WhiteElo "2166"]
[BlackElo "2067"]
[PlyCount "164"]
[EventDate "2018.04.20"]
[EventType "swiss"]
[EventRounds "11"]
[EventCountry "DOM"]
[SourceTitle "CBM 184 Extra"]
[Source "ChessBase"]
[SourceDate "2018.06.28"]
[SourceVersion "1"]
[SourceVersionDate "2018.06.28"]
[SourceQuality "1"]

1. Nf3 Nf6 2. g3 g6 3. Bg2 Bg7 4. 0-0 0-0 5. d3 d6 6. e4 Nc6 7. h3 e5 8. Re1 Re8 9. Nbd2 Bd7 10. c3 Qc8 11. Kh2 h6 12. Nc4 b5 13. Ne3 Rb8 14. b4 a5 15. a3 a4 16. Bb2 Ne7 17. c4 bxc4 18. Nxc4 Qa6 19. Rc1 Bb5 20. Bf1 Nc6 21. Qd2 Rbd8 22. Qc2 Rd7 23. Kg1 Rde7 24. Ne3 Nd8 25. Qd2 Ne6 26. Nd5 Nxd5 27. exd5 Nf8 28. Red1 f5 29. Nh4 Qa7 30. Rc2 Rf7 31. Qe3 Qb7 32. Qf3 Qc8 33. Rdc1 h5 34. Qe3 Qb7 35. Bg2 Ree7 36. g4 fxg4 37. Be4 Rf4 38. Ng2 Rf6 39. hxg4 hxg4 40. d4 Rff7 41. dxe5 Bxe5 42. Bxe5 Rxe5 43. Qd4 Rfe7 44. f3 Nh7 45. Nf4 Ng5 46. Nxg6 Rxe4 47. fxe4 Nf3+ 48. Kg2 Nxd4 49. Nxe7+ Kf8 50. Rxc7 Qa6 51. Rh1 Bd7 52. Ng6+ Kg7 53. Nf4 Qb5 54. Rhc1 Kf6 55. R1c4 Ke5 56. Kg3 Nf3 57. Ng6+ Kf6 58. Nf8 Ne5 59. Nxd7+ Nxd7 60. R4c6 Ke7 61. Rc4 Kf6 62. R7c6 Ke5 63. Kxg4 Nf6+ 64. Kf3 Qb8 65. Rc8 Qb6 66. R8c7 Ng8 67. Rf7 Nh6 68. Re7+ Kf6 69. Rcc7 Qd4 70. Re6+ Kg5 71. Rc2 Qd3+ 72. Kf2 Qxc2+ 73. Ke3 Ng4+ 74. Kd4 Ne5 75. Rxe5+ dxe5+ 76. Kxe5 Qc3+ 77. Ke6 Qxa3 78. d6 Qxb4 79. e5 Kf4 80. d7 Qb6+ 81. Kd5 Qb5+ 82. Kd6 Qxe5+ 0-1

[Event "DOM-ch"]
[Site "Santo Domingo"]
[Date "2017.04.21"]
[Round "1"]
[White "Jimenez Jimenez, Leandro"]
[Black "Martinez Castillo, Julio Antonio"]
[Result "0-1"]
[WhiteElo "1974"]
[BlackElo "2164"]
[PlyCount "148"]
[EventDate "2017.04.21"]
[EventType "swiss"]
[EventRounds "11"]
[EventCountry "DOM"]
[SourceTitle "CBM 178 Extra"]
[Source "ChessBase"]
[SourceDate "2017.06.22"]
[SourceVersion "1"]
[SourceVersionDate "2017.06.22"]
[SourceQuality "1"]

1. d4 Nf6 2. c4 c5 3. Nf3 g6 4. Nc3 cxd4 5. Nxd4 Bg7 6. e4 d6 7. Be2 0-0 8. 0-0 Bd7 9. Be3 Nc6 10. Nc2 Rc8 11. Rb1 Ne5 12. b3 Neg4 13. Bd2 Ne5 14. Ne3 h5 15. h3 Bc6 16. Ned5 Ned7 17. Be3 Nxd5 18. Nxd5 Nc5 19. f3 a5 20. Qd2 e6 21. Nc3 Qe7 22. Nb5 Bxb5 23. cxb5 b6 24. Rfd1 Rfd8 25. Bc4 Kh7 26. a3 d5 27. exd5 exd5 28. Bf1 d4 29. Bf2 Ne6 30. a4 Bh6 31. Qe1 Rc2 32. Bd3 Rc7 33. Bc4 Rcd7 34. Rd3 Qf6 35. Bh4 g5 36. Bg3 Bg7 37. Qe4+ Kh8 38. Bxe6 Re7 39. h4 Rxe6 40. hxg5 Qxg5 41. Bh4 Qd5 42. Qf4 Rde8 43. Rbd1 Rg6 44. Bf2 Rg8 45. Bxd4 Bxd4+ 46. Qxd4+ Qxd4+ 47. Rxd4 Rxg2+ 48. Kh1 R2g3 49. Rh4 Rxf3 50. Rxh5+ Kg7 51. Rg5+ Kh7 52. Rxg8 Kxg8 53. Rd6 Rxb3 54. Rxb6 Rb4 55. Ra6 Rxa4 56. b6 Rb4 57. b7 Rxb7 58. Rxa5 Rb2 59. Kg1 Kg7 60. Kf1 f6 61. Ra4 Kg6 62. Ra6 Kg5 63. Ra4 f5 64. Ra6 f4 65. Ra5+ Kg4 66. Rc5 Kg3 67. Rc8 Rb1+ 68. Ke2 f3+ 69. Ke3 Re1+ 70. Kd2 f2 71. Rg8+ Kh4 72. Rh8+ Kg5 73. Rg8+ Kh6 74. Rh8+ Kg7 0-1

[Event "Santo Domingo Inmortales op"]
[Site "Santo Domingo"]
[Date "2016.11.25"]
[Round "5"]
[White "Martinez Castillo, Julio Antonio"]
[Black "Polanco Nunez, Yoel Estarling"]
[Result "1/2-1/2"]
[WhiteElo "2138"]
[BlackElo "2186"]
[PlyCount "109"]
[EventDate "2016.11.18"]
[EventType "swiss"]
[EventRounds "8"]
[EventCountry "DOM"]
[SourceTitle "EXT 2018"]
[Source "ChessBase"]
[SourceDate "2017.10.13"]
[SourceVersion "1"]
[SourceVersionDate "2017.10.13"]
[SourceQuality "1"]

1. e4 e5 2. Nf3 Nc6 3. d4 exd4 4. Nxd4 Bc5 5. Nb3 Bb4+ 6. c3 Be7 7. Bc4 Nf6 8. 0-0 0-0 9. Re1 d6 10. N1d2 Re8 11. Nd4 Bf8 12. Nxc6 bxc6 13. Nf3 Nxe4 14. Bxf7+ Kxf7 15. Rxe4 Rxe4 16. Ng5+ Kg8 17. Nxe4 Qe8 18. Ng3 Rb8 19. b3 g6 20. Be3 c5 21. Qd2 Bb7 22. Re1 Qf7 23. c4 Re8 24. Bg5 Bg7 25. Rxe8+ Qxe8 26. Qe3 Qxe3 27. Bxe3 a5 28. f3 a4 29. Kf2 axb3 30. axb3 d5 31. Bxc5 dxc4 32. bxc4 Ba6 33. Ke3 Bxc4 34. Bd4 Bh6+ 35. Ke4 Kf7 36. Be5 c6 37. Kd4 Bb5 38. Bd6 Ke6 39. Bc5 Bg7+ 40. Ke4 Bb2 41. Bf8 Bc4 42. Ke3 Be5 43. f4 Bb8 44. Ne4 Bd5 45. g4 Ba7+ 46. Bc5 Bxc5+ 47. Nxc5+ Kd6 48. Nb7+ Ke7 49. Nc5 h6 50. h4 Be6 51. Nd3 Bxg4 52. Ne5 Bd7 53. Nxg6+ Kf6 54. Ne5 Be8 55. Ng4+ 1/2-1/2

[Event "Santo Domingo Inmortales op"]
[Site "Santo Domingo"]
[Date "2016.11.19"]
[Round "3"]
[White "Martinez Castillo, Julio Antonio"]
[Black "Jaquez, Juan Manuel"]
[Result "1-0"]
[WhiteElo "2138"]
[BlackElo "2192"]
[PlyCount "67"]
[EventDate "2016.11.18"]
[EventType "swiss"]
[EventRounds "8"]
[EventCountry "DOM"]
[SourceTitle "EXT 2018"]
[Source "ChessBase"]
[SourceDate "2017.10.13"]
[SourceVersion "1"]
[SourceVersionDate "2017.10.13"]
[SourceQuality "1"]

1. d4 Nf6 2. Bg5 Ne4 3. Bf4 c5 4. f3 Nf6 5. dxc5 Qa5+ 6. Nc3 Qxc5 7. e4 d6 8. Qd2 Bd7 9. 0-0-0 a6 10. Be3 Qa5 11. Bc4 e6 12. Bb3 Nc6 13. Qf2 Qc7 14. Bb6 Qc8 15. Nge2 Ne5 16. Qd4 Bc6 17. f4 Ned7 18. e5 dxe5 19. fxe5 Ng4 20. Qxg4 Nxb6 21. Rhf1 Qc7 22. Nf4 Bd7 23. Bxe6 fxe6 24. Nxe6 Qc6 25. Rxd7 Qxd7 26. Ne4 Rc8 27. Nd6+ Bxd6 28. Nxg7+ Kd8 29. Ne6+ Ke7 30. exd6+ Qxd6 31. Qg7+ Kxe6 32. Qf7+ Ke5 33. Qf5+ Kd4 34. Rd1+ 1-0

[Event "Santo Domingo Autumn op"]
[Site "Santo Domingo"]
[Date "2016.10.07"]
[Round "4"]
[White "Jimenez, Dario"]
[Black "Martinez Castillo, Julio Antonio"]
[Result "1-0"]
[WhiteElo "2110"]
[BlackElo "2143"]
[PlyCount "215"]
[EventDate "2016.10.07"]
[EventType "swiss"]
[EventRounds "8"]
[EventCountry "DOM"]
[SourceTitle "CBM 175 Extra"]
[Source "ChessBase"]
[SourceDate "2016.12.12"]
[SourceVersion "1"]
[SourceVersionDate "2016.12.12"]
[SourceQuality "1"]

1. Nf3 Nf6 2. d4 c5 3. c4 cxd4 4. Nxd4 e6 5. g3 Bc5 6. Nb3 Be7 7. Bg2 0-0 8. 0-0 Nc6 9. Nc3 d6 10. h3 a6 11. Be3 Ne5 12. Qd4 Qc7 13. Rac1 Bd7 14. c5 Nc6 15. cxd6 Qxd6 16. Qb6 Qb4 17. Rfd1 Rac8 18. a3 Qxb6 19. Bxb6 Bd8 20. Bc5 Re8 21. Ne4 Nxe4 22. Bxe4 Ne5 23. Bxb7 Rb8 24. Bd6 Rxb7 25. Bxe5 Bb6 26. Nc5 Bxc5 27. Rxc5 f6 28. Rc7 Rxc7 29. Bxc7 Bb5 30. Rd2 Rc8 31. Ba5 Kf7 32. f3 e5 33. Kf2 Ke6 34. g4 Rc6 35. Bb4 Rc7 36. Rd6+ Kf7 37. Bc3 Rd7 38. Rb6 Rc7 39. a4 Bc4 40. g5 Ra7 41. gxf6 gxf6 42. f4 exf4 43. Rxf6+ Kg8 44. Rxf4 Rf7 45. Bf6 Be6 46. h4 h5 47. Ke3 Bd7 48. a5 Rf8 49. Kd4 Rb8 50. Kd3 Rb5 51. Bc3 Rf5 52. Rb4 Bb5+ 53. Ke4 Rc5 54. Kd4 Rc7 55. e4 Kf7 56. Ke3 Rc4 57. Rb3 Ke6 58. Bd4 Ra4 59. Rc3 Rc4 60. Rd3 Ra4 61. Rc3 Rc4 62. Rb3 Ra4 63. Bc3 Rc4 64. Kf4 Bc6 65. Kg5 Be8 66. Rb6+ Rc6 67. Rb8 Kd7 68. Bf6 Re6 69. Kf5 Kc7 70. Ra8 Bd7 71. Rh8 Re8+ 72. Kg6 Rxh8 73. Bxh8 Bg4 74. Bd4 Kd7 75. b4 Be2 76. b5 Bxb5 77. Kxh5 Bd3 78. e5 Ke7 79. Kh6 Kf7 80. Kg5 Ke6 81. Kf4 Be2 82. Bc5 Bd1 83. Bf8 Kf7 84. Bh6 Ke6 85. Bg5 Be2 86. Bf6 Bd1 87. Kg5 Bc2 88. Kh6 Kf7 89. Bh8 Bd3 90. h5 Be2 91. Kg5 Bd3 92. Bf6 Ke6 93. Kf4 Bh7 94. Bd8 Bc2 95. Bb6 Kd5 96. Bf2 Ke6 97. Bg3 Bh7 98. Ke3 Kd5 99. Kd2 Bb1 100. Kc3 Kc5 101. e6 Kc6 102. Kd4 Bc2 103. Ke5 Kc7 104. Bh4 Bh7 105. Kf6 Kd8 106. Kf7+ Kc7 107. h6 Bd3 108. e7 1-0

[Event "Santo Domingo Cerrado op 2nd"]
[Site "Santo Domingo"]
[Date "2016.05.22"]
[Round "3"]
[White "Martinez Castillo, Julio Antonio"]
[Black "Guzman, Christopher"]
[Result "1-0"]
[WhiteElo "2113"]
[BlackElo "2253"]
[PlyCount "149"]
[EventDate "2016.05.20"]
[EventType "swiss"]
[EventRounds "6"]
[EventCountry "DOM"]
[SourceTitle "CBM 172 Extra"]
[Source "ChessBase"]
[SourceDate "2016.06.21"]
[SourceVersion "1"]
[SourceVersionDate "2016.06.21"]
[SourceQuality "1"]

1. e4 e5 2. Nf3 Nc6 3. d4 exd4 4. Nxd4 d6 5. Bb5 Bd7 6. Nc3 Nf6 7. Bxc6 bxc6 8. Qf3 c5 9. Nf5 Be6 10. 0-0 Nd7 11. Re1 g6 12. Qg3 f6 13. Nd5 Kf7 14. Nfe3 Nb6 15. b3 Bg7 16. Bb2 Rf8 17. Nf4 Qd7 18. Rad1 Rae8 19. c4 Kg8 20. Nd3 Qf7 21. f4 Bc8 22. e5 f5 23. Qf3 Re6 24. Nd5 Rfe8 25. Kf1 Kf8 26. Qh3 Kg8 27. Qf3 Kf8 28. a4 Bb7 29. a5 Nc8 30. Qf2 a6 31. h3 Rd8 32. exd6 cxd6 33. Rxe6 Qxe6 34. Qh4 Rd7 35. Re1 Qf7 36. Qxh7 Bxb2 37. Qxf7+ Kxf7 38. Nxb2 Ne7 39. Nxe7 Rxe7 40. Rxe7+ Kxe7 41. Nd3 Be4 42. Nc1 d5 43. Kf2 Kd6 44. g4 fxg4 45. hxg4 d4 46. Ke2 Bc2 47. Kd2 Be4 48. Nd3 Bb7 49. f5 gxf5 50. gxf5 Be4 51. f6 Bg6 52. Nf4 Be8 53. Nd5 Bf7 54. Kd3 Bg6+ 55. Kd2 Bh5 56. Nf4 Bf7 57. Ke2 Ke5 58. Nd3+ Kd6 59. Kf3 Bg6 60. Nf4 Bc2 61. f7 Ke7 62. Ne6 Kxf7 63. Nxc5 Ke7 64. Ke2 Kd6 65. Kd2 Bf5 66. Nxa6 Bb1 67. Nb4 Kc5 68. Nd3+ Kd6 69. b4 Kc7 70. b5 Kb7 71. Nc5+ Ka8 72. b6 Bf5 73. a6 Kb8 74. a7+ Ka8 75. Na6 1-0